Proyecto educación y género / (Record no. 49107)
[ view plain ]
| 000 -CABECERA | |
|---|---|
| campo de control de longitud fija | 00962nam a2200229 a 4500 |
| 005 - FECHA Y HORA DE LA ÚLTIMA TRANSACCIÓN | |
| campo de control | 20250301063803.0 |
| 008 - ELEMENTOS DE LONGITUD FIJA--INFORMACIÓN GENERAL | |
| campo de control de longitud fija | 991125s1996 mx 000 0 spa u |
| 035 ## - NÚMERO DE CONTROL DEL SISTEMA | |
| Número de control de sistema | UPN01000049107 |
| 049 ## - COLECCIÓN | |
| Colección | CG |
| 050 #4 - SIGNATURA TOPOGRÁFICA DE LA BIBLIOTECA DEL CONGRESO | |
| Número de clasificación | LC1671 |
| Número de documento/Ítem | P76 |
| 245 00 - MENCIÓN DE TÍTULO | |
| Título | Proyecto educación y género / |
| Mención de responsabilidad, etc. | coord. María del Carmen Campero. |
| 260 ## - PUBLICACIÓN, DISTRIBUCIÓN, ETC. | |
| Lugar de publicación, distribución, etc. | México : |
| Nombre del editor, distribuidor, etc. | UPN, |
| Fecha de publicación, distribución, etc. | 1996. |
| 300 ## - DESCRIPCIÓN FÍSICA | |
| Extensión | 4 v. |
| 440 #0 - MENCIÓN DE SERIE/ASIENTO SECUNDARIO--TÍTULO | |
| Título | Archivos ; |
| Designación de volumen o secuencia | 4 |
| 500 ## - NOTA GENERAL | |
| Nota general | Datos tomados de la cubierta |
| 500 ## - NOTA GENERAL | |
| Nota general | "Universidad Pedagógica Nacional. Dirección de Docencia. Academia de Educación de Adultos" |
| 505 8# - NOTA DE CONTENIDO CON FORMATO PREESTABLECIDO | |
| Nota de contenido con formato | Contenido: |
| Información miscelánea | v.1. |
| Título | Seminario género y capacitación en aspectoslaborales y productivos -- |
| Información miscelánea | v.2. |
| Título | Frente a la modernización, la realidad de las trabajadoras bancarias : el caso de Bancomer -- |
| Información miscelánea | v.3. |
| Título | Una oportunidad para combinar la vida |
| 650 #7 - ASIENTO SECUNDARIO DE MATERIA - TERMINO TEMATICO | |
| Término de materia o nombre geográfico como elemento de entrada | Mujeres |
| Subdivisión general | Empleo |
| Subdivisión geográfica | México |
| Fuente del encabezamiento o término | |
| 9 (RLIN) | 9091 |
| 650 #4 - ASIENTO SECUNDARIO DE MATERIA - TERMINO TEMATICO | |
| Término de materia o nombre geográfico como elemento de entrada | Mujeres |
| Subdivisión general | Educación |
| 9 (RLIN) | 182 |
| 700 1# - ASIENTO SECUNDARIO--NOMBRE DE PERSONAL | |
| Nombre de persona | Campero Cuenca, Carmen |
| Término indicativo de función/relación | coord. |
| 9 (RLIN) | 28633 |
| 905 ## - TIPO DE MATERIAL | |
| Tipo de material | Libro |
| Estado de retiro | Estado de pérdida | Fuente del sistema de clasificación o colocación | Estado dañado | No para préstamo | Código de colección | Localización permanente | Ubicación/localización actual | Ubicación en estantería | Enumeración/cronología de publicación seriada | Total de préstamos | Clasificación | Código de barras | Fecha visto por última vez | Número de copia | Tipo de ítem Koha | Fecha de adquisición |
|---|---|---|---|---|---|---|---|---|---|---|---|---|---|---|---|---|
| Library of Congress Classification | Coleccion SEP | Colección General | Bib. Gregorio Torres Quintero | Bib. Gregorio Torres Quintero | Planta baja | v.4 | LC1671 P76 | 22441 | 31/12/2020 | 1 | Libro | |||||
| Library of Congress Classification | Coleccion SEP | Colección General | Bib. Gregorio Torres Quintero | Bib. Gregorio Torres Quintero | Planta baja | v.2 | LC1671 P76 | 134126 | 31/12/2020 | 1 | Libro | 09/05/2023 | ||||
| Library of Congress Classification | Coleccion SEP | Colección General | Bib. Gregorio Torres Quintero | Bib. Gregorio Torres Quintero | Planta baja | v.3 | LC1671 P76 | 134122 | 31/12/2020 | 1 | Libro | 09/05/2023 | ||||
| Library of Congress Classification | Coleccion SEP | Colección General | Bib. Gregorio Torres Quintero | Bib. Gregorio Torres Quintero | Planta baja | v.1 | LC1671 P76 | 134123 | 31/12/2020 | 1 | Libro | 09/05/2023 |
